000 00430nam a22001697a 4500
005 20210923124629.0
008 180223b ||||| |||| 00| 0 eng d
020 _a9789380358963
040 _cc
082 _a604.2 BHA
100 _aBhatt, N. D.
_910018
245 _aEngineering Drawing /
_cN. D. Bhatt
260 _aNew Delhi :
_bCharotar,
_c2016.
300 _a719 p. ;
_c23 cm.
500 _aPaperback.
942 _2ddc
_cBK
999 _c356171
_d356171